000 00899nam a2200241Ia 4500
999 _c45347
_d45347
001 12171
003 GE_BSU
005 20221118120017.0
008 181216s2007en xx |||||||||||||| ||eng||
020 _a0131179098 x
040 _cGE_BSU
041 _aeng
080 _a336.131+005.915 A-55
100 _aAndrew,William P.
_915922
245 _aFinicial Management For the Hospitality Industry /
_cP. William Andrew, W. James Damito, S. Raymond schmidgall.
264 _aSingapore :
_bPearson Prentice Hall,
_c2007.
300 _a636 p.:
_b23 cm.
653 _aFinicial Management For the Hospitality Industry.
653 _aფინანსური მენეჯმენტი სტუმართმოყვარეობის ინდუსტრიისთვის.
700 _aDamito, James W.
_915923
700 _a Schmidgall, Raymond S.
_915924
942 _cBK
_2udc